000 00860nam a2200265 a 4500
005 20191224041619.0
008 140303s1996 ec abo fr|||| 001 0 eng d
020 _a8788702812
040 _aCO-BoIAVH
_cCO-BoIAVH
041 0 _aspa
044 _aec
082 0 4 _a583.66
_bL97f
100 1 _aLuteyn, James L.
245 1 0 _aFlora of Ecuador :
_bEricaceae /
_cBy James L. Luteyn
260 _aQuito :
_bDepartamet of Systematic Botany :
_bGöteborg University,
_c1996.
300 _a404 páginas :
_bIlustraciones, mapas, fotografías a color ;
_c24 x 17 cm.
650 1 6 _aFlora
650 1 6 _aVegetación
650 2 6 _aClaves taxonómicas
650 2 6 _aDescripciones taxonómicas
662 _aEcuador
700 1 _aHarling, Gunnar
_eEditor
700 1 _aAndersson, Lennart
_eEditor
942 _cLIBRO
_2ddc
999 _c1985
_d1985